| 000 | 00823nam a2200217Ia 4500 | ||
|---|---|---|---|
| 001 | 9382 | ||
| 003 | GE_BSU | ||
| 008 | 181216s||||||||xx |||||||||||||| ||und|| | ||
| 040 | _cGE_BSU | ||
| 080 | _a821.353.1–1 | ||
| 100 | _aმამფორია,ოთარ | ||
| 245 | _aლექსები | ||
| 245 | _cსარედ.კოლ.გრიგოლ აბაშიძე,ელგუჯა მაღრაძე,გურამ ფანჯიკიძე და სხვ..რედ. ნ.იაშვილი.მხატვ.დ.დუნდუა | ||
| 250 | _aმეორე გამ–მა | ||
| 260 | _aთბილისი | ||
| 260 | _bსაბჭოთა საქართველო | ||
| 260 | _c1989 | ||
| 300 | _a174გვ.16სმ. | ||
| 653 | _aლექსები | ||
| 942 | _cBK | ||
| 999 |
_c42678 _d42678 |
||